header

A practical guide to disaster management (Record no. 86037)

MARC details
000 -LEADER
fixed length control field 01038nam a2200265 a 4500
100 1# - MAIN ENTRY--AUTHOR NAME
Personal name Jain, A. K.
245 12 - TITLE STATEMENT
Title A practical guide to disaster management
260 ## - PUBLICATION, DISTRIBUTION, ETC. (IMPRINT)
Place of publication New Delhi [India] :
Name of publisher Pragun Publication,
Year of publication 2008.
300 ## - PHYSICAL DESCRIPTION
Number of Pages x, 488 p. :
Other physical details ill., maps.
650 #0 - SUBJECT ADDED ENTRY--TOPICAL TERM
Topical Term Emergency management.
856 40 - ELECTRONIC LOCATION AND ACCESS
Uniform Resource Identifier http://site.ebrary.com/lib/rucke/Doc?id=10415180

No items available.

© 2026 Rongo University
Contact us: librarian | system librarian | Rongo university